000 01132nam a2200277Ia 4500
003 OSt
005 20220918110913.0
006 a|||||r|||| 00| 0
007 ta
008 220915b |||||||| |||| 00| 0 hin d
020 _a8170166403 (hbk)
_c400
024 _a15,687
037 _b20310, 22/02/2014, Prashant Book Distributors
_cReference Collections
040 _aARTS
_cARTS
_bhin
041 _2hin
_ahin
082 _aO152,3N361x, Q3.1-.2(RR)
100 _aगोयनका, कमल किशोर, संपा.
_910146
245 0 _aमंजुल भगत समग्र कथा - साहित्य
246 _aManjul bhagat samagra kathā - sāhitya
260 _aनई दिल्ली
_bकिताबघर प्रकाशन भारत
_c2013
300 _a303पृ0
490 _vखण्ड 1
650 _aहिन्दी साहित्य
942 _hO152,3N361x, Q3.1-.2(RR)
_cREF
999 _c115634
_d115634